| 000 | 00500nam a22001697a 4500 | ||
|---|---|---|---|
| 003 | OSt | ||
| 005 | 20260421073906.0 | ||
| 008 | 260421b |||||||| |||| 00| 0 eng d | ||
| 040 |
_aDWCL-Main lib _cOC |
||
| 082 | _aCirc. 201 N1a 1971 | ||
| 100 | _aNovak, Michael | ||
| 245 |
_aAscent of the Mountain, flight of the Dove _cNovak, Michael |
||
| 260 |
_aNew York : _bHarper & Row, pub., _cc1971. |
||
| 300 |
_axvi 240 pages. ; _c20 cm. |
||
| 504 | _ainclude index. | ||
| 942 |
_2ddc _cBK-CIRC _hCirc. _n0 |
||
| 999 |
_c9594 _d9594 |
||